<?xml version="1.0" encoding="UTF-8"?>
<record
    xmlns:xsi="http://www.w3.org/2001/XMLSchema-instance"
    xsi:schemaLocation="http://www.loc.gov/MARC21/slim http://www.loc.gov/standards/marcxml/schema/MARC21slim.xsd"
    xmlns="http://www.loc.gov/MARC21/slim">

  <leader>00877nam a22002177a 4500</leader>
  <controlfield tag="005">20251230155416.0</controlfield>
  <controlfield tag="008">250620b        |||||||| |||| 00| 0 eng d</controlfield>
  <datafield tag="037" ind1=" " ind2=" ">
    <subfield code="c">TB</subfield>
  </datafield>
  <datafield tag="040" ind1=" " ind2=" ">
    <subfield code="a">CRL</subfield>
    <subfield code="c">CRL</subfield>
  </datafield>
  <datafield tag="041" ind1=" " ind2=" ">
    <subfield code="2">pun </subfield>
    <subfield code="a">pun</subfield>
  </datafield>
  <datafield tag="084" ind1=" " ind2=" ">
    <subfield code="a">S:52 153R4</subfield>
    <subfield code="q">CRL</subfield>
  </datafield>
  <datafield tag="100" ind1=" " ind2=" ">
    <subfield code="a">&#xA05;&#xA1F;&#xA15;&#xA3F;&#xA70;&#xA38;&#xA28; , &#xA35;&#xA3F;&#xA32;&#xA3F;&#xA2F;&#xA2E; &#xA35;&#xA3E;&#xA32;&#xA15;&#xA30; </subfield>
    <subfield code="9">813591</subfield>
  </datafield>
  <datafield tag="245" ind1=" " ind2=" ">
    <subfield code="a">&#xA06;&#xA15;&#xA30;&#xA38;&#xA3C;&#xA23; &#xA26;&#xA3E; &#xA28;&#xA3F;&#xA2F;&#xA2E; </subfield>
  </datafield>
  <datafield tag="260" ind1=" " ind2=" ">
    <subfield code="a">&#xA2A;&#xA1F;&#xA3F;&#xA06;&#xA32;&#xA3E;, &#xA2D;&#xA3E;&#xA30;&#xA24;:</subfield>
    <subfield code="b">&#xA15;&#xA32;&#xA3F;&#xA2C;&#xA47;&#xA30; &#xA2A;&#xA2C;&#xA32;&#xA3F;&#xA38;&#xA3C;&#xA30;,</subfield>
    <subfield code="c">2024. </subfield>
  </datafield>
  <datafield tag="300" ind1=" " ind2=" ">
    <subfield code="a">151 &#xA2A;. </subfield>
  </datafield>
  <datafield tag="365" ind1=" " ind2=" ">
    <subfield code="b">260.00</subfield>
    <subfield code="c">INR </subfield>
  </datafield>
  <datafield tag="650" ind1=" " ind2=" ">
    <subfield code="2">&#xA38;&#xA2E;&#xA3E;&#xA02;&#xA1C; &#xA38;&#xA38;&#xA24;&#xA30; </subfield>
  </datafield>
  <datafield tag="700" ind1=" " ind2=" ">
    <subfield code="a">&#xA2E;&#xA3E;&#xA28;, &#xA1C;&#xA71;&#xA17;&#xA40; </subfield>
    <subfield code="e">&#xA05;&#xA28;&#xA41;&#xA35;&#xA3E;&#xA26;&#xA15; </subfield>
    <subfield code="9">813592</subfield>
  </datafield>
  <datafield tag="942" ind1=" " ind2=" ">
    <subfield code="2">CC</subfield>
    <subfield code="c">TB</subfield>
    <subfield code="h">S:52 153R4</subfield>
    <subfield code="n">0</subfield>
  </datafield>
  <datafield tag="999" ind1=" " ind2=" ">
    <subfield code="c">1432119</subfield>
    <subfield code="d">1432119</subfield>
  </datafield>
  <datafield tag="952" ind1=" " ind2=" ">
    <subfield code="0">0</subfield>
    <subfield code="1">0</subfield>
    <subfield code="2">CC</subfield>
    <subfield code="4">0</subfield>
    <subfield code="7">0</subfield>
    <subfield code="a">CRL</subfield>
    <subfield code="b">CRL</subfield>
    <subfield code="d">2025-12-30</subfield>
    <subfield code="e">Star Publications Pvt. Ltd.</subfield>
    <subfield code="g">260.00</subfield>
    <subfield code="i">6564/05.03.2025</subfield>
    <subfield code="l">0</subfield>
    <subfield code="o">S:52 153R4</subfield>
    <subfield code="p">CL1923259</subfield>
    <subfield code="r">2025-12-30 15:55:49</subfield>
    <subfield code="w">2025-12-30</subfield>
    <subfield code="y">TB</subfield>
  </datafield>
</record>
